[Event "Asian Continental op 15th"]
[Site "Tashkent"]
[Date "2016.05.27"]
[Round "2"]
[White "Igonin, Temur"]
[Black "Adhiban, Baskaran"]
[Result "1-0"]
[WhiteElo "2474"]
[BlackElo "2665"]
[Annotator "Adhiban,B"]
[PlyCount "117"]
[EventDate "2016.05.26"]
[EventType "swiss"]
[EventRounds "9"]
[EventCountry "UZB"]
[SourceTitle "CBM 173"]
[Source "ChessBase"]
[SourceDate "2016.07.12"]
[SourceVersion "1"]
[SourceVersionDate "2016.07.12"]
[SourceQuality "1"]

1. e4 c6 2. d4 g6 3. Nf3 Bg7 4. Bd3 d6 ({Now} 4... d5 {doesn't make much sense
since white's centre is quite stable compared to 3.Nc3 systems.} 5. e5 (5. Nbd2
$5)) 5. Nbd2 Nf6 6. O-O O-O 7. Re1 Qc7 8. a4 (8. e5 {was an promising
alternative.}) 8... e5 {Black's pawn structure is an hybrid of Philidor and
King's Indian.} 9. dxe5 dxe5 10. Nc4 Nbd7 11. b3 Re8 12. Ba3 {This looked
silly but white has a deep plan in mind!} Bf8 13. Bb2 $1 {The main point
behind provoking ...Bf8, now e5 is more vulnerable.} b6 14. Qd2 Bb7 15. Rad1 {
Only here I started to feel that I might have lot of problems and started to
calculate seriously how to neutralise white's intiative and the unstoppable
threat of Ne5!} ({Already possible was} 15. Nfxe5 $5 Rxe5 (15... Nxe5 16. Nxe5
Rxe5 17. Qf4 Nd7 18. Bc4 {with a devastating intiative}) 16. Qf4 (16. Nxe5 Nxe5
) 16... Rae8 {with a similar position to the game but with a tempo down for
White.}) 15... Rad8 {I did see the following combination but there wasn't any
way to prevent it.} (15... b5 {would only make matters worse:} 16. Ncxe5 Nxe5
17. Nxe5 Rxe5 18. Qf4 Nd7 19. axb5 $16) (15... Bg7 16. Bf1 $1 {The d6-square
comes under serious fire.}) 16. Nfxe5 Rxe5 $1 {The only way.} (16... Nxe5 17.
Nxe5 Rxe5 18. Qf4 Nd7 19. Bc4 {[%csl Rf7] f7 will fall and the nasty pins on
the a1-h8 diagonal and d-file guarantees White a winning advantage.}) 17. Qf4
Rde8 18. Nxe5 Rxe5 19. Bxe5 Qxe5 20. Qxe5 Nxe5 {An interesting imbalance!} 21.
Bf1 {Here I felt white should be better according to the computer but I felt I
can take over if I activate my pieces in the right way.} Kg7 (21... Be7 {
[%cal Gg6g5] and g5 next was a more passive and possibly correct configuration.
}) 22. c3 Bc8 $5 {I was thinking of attacking his weaknesses not sure if this
was the right strategy.} (22... g5 $5 23. Rd8 c5 24. Rb8 Bc6 {was another way
to hold the fort.}) 23. h3 Be6 {I was following the policy of provocation and
then attack the pawns.} ({To prevent the expansion of white's kingside pawns.} 
23... g5 $5 24. Rd8 Be6 25. b4 a5 26. bxa5 bxa5 27. Ra8) 24. f4 Ned7 {Here I
felt I might be better since my pieces were finding targets and nice outposts!}
25. b4 a5 {After this it felt like maybe Black was fine but he wasn't!} (25...
h5 $5 {was possible limiting his pawns But I was worried abt} 26. e5 Nd5 27.
Bc4 $1 {with the threat of b5.}) 26. bxa5 (26. e5 Nd5 27. b5 cxb5 28. Bxb5 Nc5
{with nice outposts for the pieces.}) (26. b5 $1 {was best:} cxb5 27. Bxb5 Nc5
28. Rd4 $14) 26... bxa5 27. g4 h6 $6 {Controlling the pawns, but it wasn't
correct here and it is too slow.} (27... Nb6 $5 {was more stubborn.} 28. f5 (
28. e5 Nfd5) 28... Bb3 29. Rb1 Bc2 (29... Bxa4 30. g5 Nfd7 31. f6+ Kg8 $14) 30.
Rb2 Bxe4 31. g5 Bc5+ 32. Kh2 Bd6+ $11) 28. c4 Nb6 $2 {Allowing white pawns to
become a force to be reckoned with!} (28... Bb4 $1 $132) 29. f5 gxf5 30. gxf5
Bxc4 31. e5 Nfd5 32. Bxc4 Nxc4 33. Rc1 $16 {Now White is clearly superior.} Nd2
34. Kh1 $6 (34. Kf2 $1 {I was quite concerned abt this after which white has a
huge plus. So somewhere along the way I made some errors and allowed White to
get a huge advantage.}) 34... Nf3 35. Re4 c5 {I felt draw would be a good
result around here.} 36. Rd1 Ng5 37. Ree1 Nf3 38. Re4 Ng5 39. Ree1 Nf3 {
Both of us were running short of time.} 40. Re4 Nd4 $6 {This wasn't needed, it
was time to make a draw. Although I felt White has to be better I started to
take into account my opponent's rating which was a huge mistake. Bravery or
Stupidity?} (40... Ng5) 41. Rg1+ Kh7 42. e6 {Here I started to feel that I
might have overstimated my position. Too late :).} fxe6 (42... f6 $5 {was more
stubborn.} 43. Rb1 $1 Nxf5 44. Rb7+ Be7 45. Re1 $1 $16 {[%cal Gb7a7]}) 43. fxe6
Bd6 44. Rf1 Ne7 45. Rf8 (45. Rf7+ Kg6 46. Rg4+ $1 {Cutting off the king.} Kh5
47. Kg2 $16) 45... Kg7 46. Ra8 $6 Kf6 $6 {Giving up the a-pawn even for
activity was a huge error.} (46... Ndc6 $1 {with good chances to hold>} 47. Kg2
Be5) 47. Rxa5 Nef5 {Here I was counting on the fact my own passed pawn might
become strong but it was wrong assessment.} (47... Ndf5 $5 48. Kg1 $16) 48. Kg2
Nxe6 (48... c4 {was what I was counting on but} 49. Ra6 Be7 $1 (49... c3 50. e7
{This is what I missed when I played ...Kf6.}) 50. Ra8 $1 $16) 49. Ra6 c4 50.
Rc6 Nc5 51. a5 $3 {White's a-pawn decided to take matters into his own hands
and shows why it was a huge mistake to understimate his power :).} (51. Rf4 Ke5
(51... Nxa4 52. Rxd6+ Ke5 53. Rxf5+ Kxf5 54. Rxh6 Ke4 55. Kf2) 52. Rxf5+ Kxf5
53. Rxd6 Ke5 (53... Nxa4 54. Rxh6 Ke4 55. Kf2) (53... Ke4 54. a5 c3 55. a6) 54.
Rc6 (54. Rxh6 c3) 54... Kd5 55. Rxh6 c3 56. Rf6 Nxa4 57. Rf1 Nc5 58. h4 Kd4 59.
h5 Ne6 {with a draw.}) 51... c3 {Too weak too slow!} (51... Nxe4 52. a6 Nd4 53.
a7 Nxc6 54. a8=Q $18 {During the game I was very pessimistic about this
position but looking at this position with a relaxed mind, I can see that
maybe this position isn't so hopeless and there is the possibility of a
successful defence in a practical game.}) 52. Re2 Kg5 (52... c2 {was the best
try maybe though after} 53. Rxc2 Ne3+ 54. Kf3 Nxc2 55. Rxd6+ Ke5 56. a6 $1 {
also doesn't look inspiring.} (56. Rxh6 {is also possible.})) 53. a6 Nxa6 54.
Rxa6 Bf4 55. Rc6 Bd2 56. Re4 Ne3+ 57. Kf3 Nd1 58. Re5+ Kh4 59. Rc4+ {A serious
blow! But the result was more due to psychological reasons rather than on
chess mistakes, So it was possible to make a comeback in the next few rounds!}
1-0

[Event "Tata Steel-A 81st"]
[Site "Wijk aan Zee"]
[Date "2019.01.12"]
[Round "1"]
[White "Giri, Anish"]
[Black "Nepomniachtchi, Ian"]
[Result "0-1"]
[WhiteElo "2783"]
[BlackElo "2763"]
[Annotator "Adhiban,B"]
[PlyCount "52"]
[EventDate "2019.01.12"]
[EventType "tourn"]
[EventRounds "13"]
[EventCountry "NED"]
[EventCategory "21"]
[SourceTitle "CBM 188"]
[Source "ChessBase"]
[SourceDate "2018.12.21"]
[SourceVersion "1"]
[SourceVersionDate "2018.12.21"]
[SourceQuality "1"]

1. e4 d6 {An interesting choice by Nepo to avoid mainstream theory which is
Anish's forte!} ({The only other winner of this round was} 1... c6 2. d4 d5 3.
exd5 cxd5 4. Bd3 Nf6 5. c3 Qc7 6. h3 g6 7. Nf3 Bf5 8. Ne5 Nc6 9. Bf4 Qb6 10.
Bxf5 gxf5 11. Nd3 e6 12. Nd2 Rg8 13. O-O O-O-O 14. a4 Ne4 15. Rc1 Bd6 16. Bxd6
Nxd6 17. b4 Kb8 18. Qe2 Qc7 19. Qe3 Ne7 20. f3 Ng6 21. Ne5 f4 22. Qe1 Nf5 23.
Nxg6 Rxg6 24. Rf2 Rdg8 25. c4 Ne3 26. cxd5 Nxg2 27. Qe5 Qxe5 28. dxe5 Ne1+ {
0-1 (28) Van Foreest,J (2612)-Anand,V (2773) Wijk aan Zee NED 2019}) 2. d4 Nf6
3. Nc3 g6 {The fabled Pirc Defence!} 4. Be3 a6 5. Qd2 b5 6. f3 {This has never
occured in the practice of Giri, while Nepo has some experience in this system
trying out couple of ideas in shorter formats.} Nbd7 (6... Bb7 {is premature
and was convincingly met by} 7. a4 $1 b4 8. Nd1 a5 9. c3 Na6 {
(Fressinet-Nepomniachtchi W Blitz Berlin 2015)} 10. Nf2 $16) (6... Bg7 7. h4 (
7. Bh6 Bxh6 8. Qxh6 Nbd7) (7. a4 b4 8. Nd1 O-O (8... a5 9. c3) 9. Qxb4 c5 10.
dxc5 Nc6 11. Qd2 d5 12. Nf2 Rb8 13. Rb1) 7... h5 8. Nh3 (8. a4 $5 b4 9. Nd1 O-O
$1 10. Qxb4 (10. Bd3 c5 $1 11. dxc5 Nc6 12. Ne2 dxc5 13. Bxc5 Nd7 {with good
compensation for the pawn.}) 10... c5 {with active play for the pawn.}) 8...
Bxh3 9. Rxh3 Nbd7 10. O-O-O Nb6 {(Leko-Nepomniachtchi Rapid Beijing CHN 2014)}
({Better was} 10... c6 $5 11. Bd3 Qc7 {followed by c5 with a good game.}) 11.
Bd3 $16) (6... b4 {is even more premature than Bb7 :).} 7. Nd1 a5 8. a3 $1 bxa3
9. Rxa3 c6 10. Bd3 Bg7 11. Ne2 O-O {the simple} 12. O-O {offered a clear
advantage.} ({Comp likes the greedy} 12. b4 {winning the a-pawn.})) 7. O-O-O
Nb6 8. g4 ({Morozevich chose} 8. h4 $5 b4 9. Nb1 a5 {with a complex battle.}
10. g4 (10. Nh3 $5 {offered better chances to fight for advantage.}) ({Comp's
insane preference is} 10. c4 $5 bxc3 11. Nxc3) 10... h5 $1 {A typical idea to
fight against the expansion.} 11. g5 Nfd7 {Black was already superior in 
(Moro-Zvjaginsev Rapid 2018)}) 8... Bb7 ({Nepo missed an interesting
possibility in form of} 8... h5 $1 9. g5 (9. e5 Nfd5 10. Nxd5 Nxd5 {with a
nice position for Black.}) (9. gxh5 Nxh5 {now Black can focus on the queenside.
}) 9... Nfd7 10. f4 Bg7 11. f5 gxf5 12. Nh3 (12. exf5 {doesn't work due to} Bb7
13. d5 b4) 12... b4 13. Nd5 fxe4 14. Nxb4 Nf8 {Black comes out slightly better
out of the mess.}) 9. Nh3 (9. a3 {was better although Black could continue in
the same spirit with} h5 $1) 9... Nfd7 10. Be2 e6 {I wonder if this move is
really required.} (10... b4 11. Nb1 a5 {was a better way to fight for the
intiative.}) 11. Bg5 ({More to the point was} 11. Nf2 {though Black is
completely fine after} b4 12. Nb1 a5) 11... Be7 12. Qe3 {Slowly White is
losing track.} Bxg5 ({Once again} 12... b4 $1 {was stronger.} 13. Nb1 h5 $5 {
with better position.}) 13. Nxg5 h6 14. Nh3 Qh4 15. Nf2 O-O-O {Now we have an
equal position according to comp, although I feel black's position is easier
to handle as he has more potential to create something.} 16. f4 {A huge error.}
(16. Nd3 {was better maintaining the balance, though Black can fight for
something with} f5 $5 ({Also possible is the dark-squared positional approach
with} 16... e5 17. d5 Qg5 18. Qd2 {with equal endgame.})) 16... f5 $1 {White's
over extended pawn structure start to feel the heat!} 17. Bf3 b4 18. exf5 {
Desperation.} (18. Nb1 fxe4 {here both} 19. Nxe4 ({and} 19. Bxe4 Bxe4 20. Nxe4
Qxg4) 19... Nd5 {looks pretty hopeless for White.}) 18... bxc3 19. fxe6 cxb2+
20. Kb1 Nf6 {White doesn't have enough compensation...} 21. Bxb7+ Kxb7 22. Qf3+
d5 23. Nd3 Ne4 24. Nc5+ Ka7 25. Qa3 Nxc5 26. Qxc5 Kb7 {An important win for
Nepo putting him and Vishy tied for the first spot...although the middlegame
phase could have been played better by both the "Masters"!} 0-1

[Event "Interzonal-16"]
[Site "Biel"]
[Date "1993.??.??"]
[Round "10"]
[White "Kortschnoj, Viktor Lvovich"]
[Black "Hansen, Curt"]
[Result "1-0"]
[WhiteElo "2625"]
[BlackElo "2590"]
[Annotator "Ambroz,J"]
[PlyCount "93"]
[EventDate "1993.07.16"]
[EventType "swiss"]
[EventRounds "13"]
[EventCountry "SUI"]
[SourceTitle "CBM 037"]
[Source "ChessBase"]
[SourceDate "1993.12.01"]
[SourceVersion "1"]
[SourceVersionDate "1993.12.01"]
[SourceQuality "1"]

1. d4 d6 2. Nf3 g6 3. e4 Bg7 4. c3 Nf6 5. Bd3 O-O 6. O-O Nc6 7. d5 Nb8 8. h3 (
8. c4 Bg4 $1 9. h3 Bxf3 10. Qxf3 Na6 11. Nc3 Nd7 $13 {Kortchnoi-Sznapik,
Luzern ol 1982}) 8... c6 9. c4 e6 (9... cxd5 10. exd5 Na6 11. Nc3 Nc5 12. Bc2
e6 13. Bg5 exd5 14. cxd5 Bd7 $10 {Sturua-Yrjola, Komotini 1992}) 10. dxe6 Bxe6
11. Nc3 Na6 (11... d5 $5 12. Ng5 $1 $36) 12. Re1 Nd7 (12... Nc5 13. Bf1 a5 14.
Qc2 (14. Nd4 Bd7 $5 15. Bg5 Qb6 16. Rb1 Rfe8 {><e4}) 14... Qb6 15. Be3 $13) 13.
Bg5 $1 Qb6 14. Rb1 Rfe8 15. Be3 Qd8 16. Nd4 Ne5 17. Nxe6 Rxe6 18. Bf1 $14 Nd7
19. Qc2 Nac5 20. f3 (20. b4 Bxc3 21. Qxc3 Nxe4 22. Qb2 Qe7 $17) 20... a5 21.
Bf2 h5 (21... Re8 $5 22. Rbd1 (22. Ne2 a4 23. Red1 (23. Rbd1 Qb6) 23... Qe7 24.
Bg3 Be5 $1 25. f4 $140 Bg7 {><e4}) 22... Be5 23. Ne2 Ne6 $132) 22. Ne2 h4 (
22... a4 $5) 23. b3 Qg5 (23... Re8 {/\ Ne6}) 24. Qc1 $1 Qxc1 (24... Qe7 $5 25.
Nf4 (25. Nd4 Re5) 25... Bh6 26. Be3 $1 $14 (26. Nd5 Qf8 27. Be3 Bxe3+ 28. Nxe3
Rae8 $10) 26... Rf6 27. Kh1 $5 Kg7 28. Ne6+ Nxe6 29. Bxh6+ Kh7 30. Be3 {^^})
25. Nxc1 g5 (25... Rae8 26. Rd1 (26. Nd3 Nxd3 27. Bxd3 Ne5 $1 28. Bc2 g5 29.
Red1 $10) 26... Bf6 27. Ne2 $14) (25... Bf6 $142) 26. a3 $1 Ne5 27. Rd1 Rae8 (
27... Ng6 28. Be3 Bf6 29. Ne2 {/\ Nd4-f5}) 28. Be3 f5 $5 (28... Bf6 29. Ne2 Bd8
30. Nd4 Rg6 31. Nf5 Bc7 32. b4 axb4 33. axb4 Ncd7 (33... Na4 34. Rb3) 34. c5
$16) (28... g4 29. hxg4 h3 30. Be2 $16) 29. Bxc5 $1 dxc5 30. exf5 Rf6 31. Nd3
Rxf5 (31... Nxd3 $1 32. Bxd3 Rd6 33. Bc2 (33. Be4 Red8 34. Rxd6 Rxd6 35. b4
cxb4 36. axb4 a4 $36 (36... axb4 37. Rxb4 b6 $10)) 33... Red8 (33... Bd4+ 34.
Kf1) 34. Rxd6 Rxd6 35. Rd1 Rxd1+ (35... Bd4+ 36. Kf1 Kf7) 36. Bxd1 Bb2 37. a4
Bd4+ 38. Kf1 Kg7 39. Ke2 Kf6 40. Bc2 Ke5 $10) 32. Nf2 Nf7 33. Bd3 Rfe5 34. Kf1
R5e6 35. Bf5 Rd6 36. Ne4 Rd4 (36... Rxd1+ 37. Rxd1 Bd4 38. Bg6 $16) 37. Bg6 Re5
38. Bxf7+ Kxf7 39. Nd6+ Ke7 40. Nxb7 a4 41. bxa4 Kd7 (41... Rxc4 42. Na5 $18)
42. a5 Kc7 43. a6 Rxd1+ (43... Rxc4 44. Nd6 $18) 44. Rxd1 Kb6 45. Rd7 Bf8 46.
Nd6 $1 Bxd6 47. a7 1-0

[Event "Interzonal-16"]
[Site "Biel"]
[Date "1993.??.??"]
[Round "12"]
[White "Sherzer, Alex"]
[Black "Kakageldyev, Amanmurad"]
[Result "1-0"]
[WhiteElo "2500"]
[BlackElo "2465"]
[Annotator "Ambroz,J"]
[PlyCount "79"]
[EventDate "1993.07.16"]
[EventType "swiss"]
[EventRounds "13"]
[EventCountry "SUI"]
[SourceTitle "CBM 037"]
[Source "ChessBase"]
[SourceDate "1993.12.01"]
[SourceVersion "1"]
[SourceVersionDate "1993.12.01"]
[SourceQuality "1"]

1. e4 g6 2. d4 Bg7 3. Nc3 d6 4. Be3 Nf6 5. Qd2 Nbd7 6. O-O-O c6 7. Bh6 Bxh6 8.
Qxh6 Qa5 9. Nf3 $1 Nb6 (9... Qh5 10. Qd2 O-O 11. Ng5 h6 12. Nh3 Kh7 13. f4 b5
14. Be2 $40 {Madl-Lorcher, Budapest 1990}) (9... e5 10. Bc4 $5 b5 11. dxe5 dxe5
12. Bxf7+ Kxf7 13. Ng5+ Ke8 (13... Kg8 14. Ne6 Kf7 (14... Nh5 15. g4 $18) 15.
Rd6 $44 (15. Ng5+ Kg8 16. Ne6 Kf7 17. Ng5+ $10)) 14. Qg7 Rf8 15. Rd6 $44) 10.
e5 $1 dxe5 11. dxe5 Nfd5 12. Nxd5 cxd5 (12... Nxd5 13. Bc4 Be6 14. Ng5 O-O-O
15. Nxe6 fxe6 16. Qh3 Nf4 (16... Kd7 17. Bb3 $16 (17. Bxd5 cxd5 18. Rxd5+ Qxd5
19. Rd1 $16)) 17. Qe3 $14) 13. Qg7 Rf8 14. Kb1 Bg4 (14... Bd7 15. Qxh7 O-O-O
16. Qh4 $16) 15. Nd4 $1 Bxd1 16. Bb5+ Nd7 17. e6 (17. Rxd1 O-O-O 18. e6 $44)
17... Bxc2+ 18. Ka1 O-O-O (18... fxe6 19. Nxe6 {/\ Qf8#} Qxb5 20. Nc7+ Kd8 21.
Nxb5 $16) 19. Bxd7+ Kb8 20. Nxc2 fxe6 21. Nd4 $1 $18 Rg8 (21... Rxf2 22. Nxe6)
22. Qe5+ Qc7 23. Qxc7+ Kxc7 24. Bxe6 Rh8 (24... Rgf8 25. Bh3) 25. f4 Kb8 26. b3
Rhf8 27. g3 Rf6 28. Re1 h6 29. Kb2 a6 30. Kc3 g5 31. f5 g4 32. Kd3 h5 33. Ke3
h4 34. Kf4 hxg3 35. hxg3 Rh6 36. Re2 Rh1 37. Rd2 Rdh8 38. Bxd5 R8h2 39. Rxh2
Rxh2 40. a4 1-0

[Event "Las Palmas3"]
[Site "Las Palmas"]
[Date "1993.??.??"]
[Round "6"]
[White "Ulybin, Mikhail"]
[Black "Todorcevic, Miodrag"]
[Result "1-0"]
[WhiteElo "2560"]
[BlackElo "2480"]
[Annotator "Ambroz,J"]
[PlyCount "63"]
[EventDate "1993.12.??"]
[EventType "tourn"]
[EventRounds "9"]
[EventCountry "ESP"]
[EventCategory "13"]
[SourceTitle "CBM 040"]
[Source "ChessBase"]
[SourceDate "1994.06.01"]
[SourceVersion "1"]
[SourceVersionDate "1994.06.01"]
[SourceQuality "1"]

1. e4 g6 2. d4 Bg7 3. c3 d6 4. Nf3 Nf6 5. Bd3 O-O 6. O-O Nc6 7. Bg5 $5 (7. Na3
Bg4 8. h3 Bxf3 9. Qxf3 e5 10. d5 Ne7 11. c4 Nh5 12. Qd1 Nf4 13. Bc2 Qd7 14. Kh2
c6 15. Be3 $14 {Rogozenko-Zajcev, Calimanesti 1993}) (7. d5 Nb8 8. h3 $5 (8. c4
Bg4 (8... e5 9. dxe6 fxe6 10. e5 (10. Nc3 e5) 10... Nh5 11. exd6 cxd6 12. g3
Nc6 13. Nc3 b6 (13... d5 $5) 14. Be4 Qd7 $13 {Leko-Smirin, Wijk aan Zee 1994})
9. h3 Bxf3 10. Qxf3 Na6 $5 11. Nc3 Nd7 $13 {Kortchnoi-Sznapik, Luzern ol 1982})
8... c6 9. c4 e6 10. dxe6 Bxe6 11. Nc3 Na6 12. Re1 Nd7 13. Bg5 $1 Qb6 14. Rb1
Rfe8 15. Be3 Qd8 16. Nd4 Ne5 17. Nxe6 Rxe6 18. Bf1 $14 {Kortchnoi-Hansen,Cu.,
Biel izt 1993}) (7. Re1 e5 8. h3 Nh5 9. Bg5 Qe8 10. Be3 Kh8 $5 11. Nbd2 f5 $13
{Smagin-Van Wely, Iraklion 1993}) 7... h6 (7... e5 8. Nbd2 Qe8 9. Re1 h6 10.
Bh4 Nh5 11. Rc1 $1 (11. dxe5 dxe5 12. Nc4 (12. b4 Be6 13. Qc2 (13. a4 a5 $5)
13... Nf4 14. Bf1 Ne7 $5 15. Nc4 f6 16. a4 h5 17. Bg3 Qf7 18. Bxf4 exf4 19.
Ncd2 $13 {Ulibin-Alterman, Sochi 1990}) 12... Kh8 $5 13. b4 Nf4 14. Bf1 f6 15.
Qc2 Be6 16. Ne3 Qf7 17. Bg3 Ne7 18. c4 {><d4} Nh5 $5 19. c5 Nc6 $13 {Van
Wely-Reindermann, Wijk op 1993} 20. b5 Nd4) 11... Kh8 $5 12. d5 Ne7 13. c4 Nf4
14. Bb1 f5 15. Bxe7 $5 Qxe7 16. c5 fxe4 17. cxd6 cxd6 18. Nxe4 $14 {
Yusupov-McNab, Oviedo 1993}) (7... Nd7 $6 8. a4 Qe8 9. Na3 a6 10. Qd2 f6 11.
Bh6 e5 12. Bxg7 Kxg7 13. b4 {()} Nd8 14. a5 Qe7 15. Rfe1 Nf7 16. Nc4 Rd8 17.
Ne3 c6 18. Nh4 Nf8 19. g3 Qc7 20. Nc4 Rb8 21. Nb6 Bh3 22. d5 $1 Nd7 23. Qe3 c5
24. Nc4 Nf8 25. Rab1 Bd7 26. Nb6 $18 {Vaganian,R-Ermenkov,E/Thessaloniki (ol)/
1984/1-0 (42)}) 8. Bh4 e5 (8... Nh5 9. Na3 (9. Nbd2 Nf4 10. Bc2 Qe8 11. Bg3 e5
12. Ba4 Bd7 13. d5 Ne7 14. Bxd7 Qxd7 15. Bxf4 exf4 16. Nd4 Bxd4 $5 (16... c5
$13 17. dxc6 (17. Ne2 $5) 17... bxc6 $132) 17. cxd4 g5 18. Qh5 Kg7 19. Rfe1 Ng6
20. Rac1 Rac8 $13 {Riek-Mohr, Baden Baden op 1990}) (9. Re1 Nf4 10. Bf1 Bg4 11.
Nbd2 g5 12. Bg3 e5 13. h3 Bh5 14. Bxf4 $5 exf4 15. Be2 Ne7 16. Nh2 $14 {
Zysk-Mohr, Budapest 1988}) 9... Nf4 10. Bc2 Bg4 11. Qd2 $1 Bxf3 (11... g5 $6
12. Nxg5 hxg5 13. Bxg5 Ng6 14. f4 $36 f6 $8 15. f5 $1 e6 16. Bh6 exf5 17. h3 $1
f4 18. Bxg7 Kxg7 19. hxg4 Rh8 20. Rxf4 Nxf4 21. Qxf4 Rh6 22. Kf2 Ne5 $2 (22...
Ne7 $1 23. Ke2 $5 $36) 23. dxe5 fxe5 24. Qg3 Qg5 25. Nc4 Rf8+ 26. Ke2 $18 {
Tal-Hoi/Jurmala/1985/1-0 (43)}) 12. Qxf4 Be2 13. Rfe1 Ba6 14. Qe3 g5 15. Bg3 e5
16. Rad1 $13 {>< Na3, Ba6}) (8... g5 9. Bg3 Nh5 10. Na3 e5 11. dxe5 dxe5 12.
Bb5 $5 Qf6 $1 13. Bxe5 Nxe5 14. Nxe5 Qxe5 15. Qxh5 Qxe4 16. Rfe1 Qf4 $13 {
/\ Bg4, Karolyi,T-Short, Dortmund 1980}) (8... Bg4 9. h3 Bd7 10. Na3 e5 11. Nc2
Qe8 12. dxe5 Nxe5 13. Nxe5 dxe5 14. f3 Nh5 15. Qd2 Nf4 16. Rfd1 Be6 17. Bf1 f5
18. exf5 gxf5 $40 {Koch-Sznapik, Dortmund B 1989}) 9. dxe5 (9. Nbd2 g5 $5 (9...
exd4 10. Nxd4 Ne5 11. Bc2 $10) (9... Qe8 10. dxe5 Nxe5 (10... dxe5 11. Nc4 Nh5
12. b4 $6 Nf4 13. b5 Nb8 14. Bg3 Qxb5 15. Ncxe5 Nxd3 16. Qxd3 Qxd3 17. Nxd3 Na6
$1 (17... Bxc3 18. Rac1 $10) 18. Be5 Re8 19. Bxg7 Kxg7 20. e5 Bg4 21. Rfe1 Bxf3
22. gxf3 Rad8 $17 {Kalinin-McNab, Bath 1987}) 11. Nxe5 dxe5 12. Nc4 Nh5 13. Ne3
c6 14. Bc4 Kh7 15. Qd6 g5 16. Bg3 Nf4 17. Rad1 b5 18. Bb3 a5 19. a3 Be6 20.
Bxe6 Qxe6 21. Nf5 Rfd8 22. Qxd8 $5 Rxd8 23. Rxd8 Ne2+ 24. Kh1 b4 25. Re1 {
Todorovic,J-Kosanski,S/Belgrade GMA-op/1988/0-1 (54)}) 10. Bg3 Nh5 (10... g4
11. dxe5 dxe5 12. Ne1 Nh5 {/\ Ne7-g6, ><f4}) 11. Nxe5 dxe5 12. Qxh5 exd4 $13)
9... Nxe5 (9... dxe5 10. Na3 (10. Qc2 Bg4 11. Nbd2 Qe7 12. h3 Be6 13. b4 (13.
a4 {/\ a5}) 13... Rad8 14. Nb3 b6 15. Rfd1 Rd6 16. b5 Nb8 17. Nxe5 Bxb3 18.
axb3 g5 19. Bg3 Nh5 $13 {Sandmann-Schultze, Deutschland 1988} 20. Nc4 Nxg3) (
10. Qe2 Qe7 11. Nbd2 Be6 12. Nc4 Bxc4 13. Bxc4 g5 14. Bg3 Nh5 15. Nd2 Nf4 16.
Qf3 Qf6 17. Rfd1 Rad8 18. Qe3 b6 19. Nf1 h5 $13 {Landenbergue-Mossong, Prag
1989}) 10... Be6 11. Qc2 (11. Re1 Qe8 (11... g5 12. Bg3 Nh5 13. Bc4 Bg4 14. Be2
Nf4 15. Bxf4 exf4 16. Qxd8 Raxd8 17. Nb5 Rd7 $10 {Dunnington-Gufeld, Hastings
B 1988}) 12. Bb5 $5 Nd7 $1 13. Nc4 f6 14. Bxc6 bxc6 15. Na5 h5 {/\ g5, h4} 16.
Bg3 Nb6 17. Qe2 c5 $13 {Yusupov-Seirawan, Montpellier 1985} 18. b3 g5 19. h4 g4
) 11... Qe8 $1 12. Rfe1 Nh5 13. Nc4 Bg4 14. Nfd2 Bf6 $5 15. Bxf6 Nxf6 16. Ne3
Be6 17. Bc4 Rd8 18. Rad1 Qe7 $10 {Sharif,Me-Ftacnik, Lyon 1988}) 10. Nxe5 dxe5
11. Qc2 $1 (11. Na3 Qe8 $5 {/\ Nh7, Bg7-f6} (11... c6 12. Qf3 Bg4 13. Qxg4 Nxg4
14. Bxd8 Rfxd8 15. Rad1 b6 16. Nc2 a6 17. f3 Nf6 18. Kf2 Nd7 19. Rd2 {
Vaganian-Jansa/Biel izt/1985/0.5 (19)}) 12. Qb3 Nh5 13. Rfd1 Bf6 $5 14. Bxf6
Nxf6 15. Nc4 Qe7 16. a4 Be6 $10 {King-Burgess, Britisch Ch. 1988}) (11. a4 Qe8
$1 12. Na3 Be6 13. Qc2 Nh5 14. Rfe1 Bf6 $5 15. Bxf6 Nxf6 16. a5 a6 17. Qc1 Kg7
18. Qe3 Qc6 $10 {Rodriguez,O-McNab, Thessaloniki ol 1988}) 11... c6 (11... b6
$5 {/\ Bb7}) 12. Nd2 Qc7 13. a4 a5 {><b6} (13... Nh5 14. Rfd1 Nf4 15. Bf1 g5
16. Bg3 Be6 17. a5 b5 $5) 14. Nc4 Re8 (14... b5 15. axb5 cxb5 16. Ne3 Qb8 17.
Rfd1 $14) 15. Rfd1 Nd7 16. Bf1 Bf8 17. f3 $1 Nc5 (17... Bc5+ 18. Bf2 {><d6})
18. Bg3 $5 f6 (18... b6 19. Bf2 {>< Pb6} (19. b4 axb4 20. cxb4 Nd7 (20... Nxa4
21. Rxa4 Rxa4 22. Qxa4 b5 23. Qa5 $18) 21. Qc3 $14)) 19. Bf2 Be6 20. b4 axb4
21. cxb4 Na6 (21... Nd7 22. Ne3 $14) 22. Nb6 Rab8 23. Bxa6 $1 bxa6 24. Nd5 Bxd5
(24... Qf7 25. Qxc6 $16) 25. exd5 e4 (25... f5 26. dxc6 $16) 26. dxc6 Rxb4 27.
Rd7 Qe5 28. Rad1 Rb2 29. Qc4+ Qe6 30. Qxe6+ Rxe6 31. Rc1 e3 32. Be1 1-0